Ekonomická analýza podnikateľského subjektu v cestovnom ruchu bakalárska práca
Gespeichert in:
| 1. Verfasser: | |
|---|---|
| Körperschaft: | |
| Weitere Verfasser: | |
| Format: | Buch |
| Sprache: | Slowakisch |
| Veröffentlicht: |
Bratislava
2018
|
| Tags: |
Keine Tags, Fügen Sie das erste Tag hinzu!
|
MARC
| LEADER | 00000nbm a2200000 4500 | ||
|---|---|---|---|
| 001 | 0245063 | ||
| 005 | 20180906133143.1 | ||
| 041 | 0 | |a slo | |
| 044 | |a SK | ||
| 245 | 1 | 0 | |a Ekonomická analýza podnikateľského subjektu v cestovnom ruchu |b bakalárska práca |c Jakub Harman ; školiteľ: Ján Sidor |
| 264 | 1 | |a Bratislava |c 2018 | |
| 300 | |a 55 s. | ||
| 100 | 1 | |a Harman, Jakub, 1996- | |
| 700 | 1 | |a Sidor, Ján | |
| 710 | 2 | |a Obchodná fakulta EU. Katedra služieb a cestovného ruchu - zrušené | |